|
|
|
|
| LEADER |
00000nas a2200000 a 4500 |
| 001 |
ssj0002060 |
| 003 |
WaSeSS |
| 005 |
20200512172242.0 |
| 006 |
m d |
| 007 |
cr n |
| 008 |
971110c19899999enkbx pss 0 0eng c |
| 010 |
|
|
|a 2006233136
|
| 015 |
|
|
|a GBA602747
|2 bnb
|
| 016 |
7 |
|
|a 2003080 -0
|2 DE-600
|
| 016 |
7 |
|
|a 013351329
|2 Uk
|
| 022 |
|
|
|a 1360-0451
|l 0954-0121
|y 0954-0121
|
| 035 |
|
|
|a (WaSeSS)ssj0002060
|
| 040 |
|
|
|a F#A
|b eng
|e pn
|c F#A
|d OCL
|d EYM
|d MXC
|d OCLCQ
|d MUQ
|d OCL
|d GUA
|d GBT
|d OCLCQ
|d VRC
|d UKMGB
|d OCLCQ
|d OCLCO
|d VT2
|d OCLCQ
|d OCLCF
|d OCLCO
|d OCLCQ
|d DLC
|d WT2
|d OCLCO
|d NLE
|d OCLCA
|d BUF
|d APUMS
|d OCLCO
|d U3W
|d OCLCQ
|d TOF
|d OCLCO
|d AU@
|d OCLCO
|d WYU
|d OCLCO
|d SFB
|d OCLCA
|d GWM
|d OCLCQ
|d WaSeSS
|
| 042 |
|
|
|a pcc
|
| 050 |
0 |
0 |
|a RA643.75
|
| 050 |
1 |
4 |
|a RA644.A25
|
| 060 |
0 |
0 |
|a W1
|b AI696CHF
|
| 082 |
0 |
4 |
|a 362.1
|
| 130 |
0 |
|
|a AIDS care (Online)
|
| 245 |
1 |
0 |
|a AIDS care
|h [electronic resource].
|
| 246 |
3 |
|
|a Acquired Immunodeficiency Syndrome care
|
| 260 |
|
|
|a [Abingdon, Oxfordshire] :
|b Carfax International Publishers
|
| 310 |
|
|
|a Eight no. a year,
|b 2004-
|
| 321 |
|
|
|a Frequency varies,
|b <1995>-2003
|
| 362 |
1 |
|
|a Print began with vol. 1, no. 1, published in 1989.
|
| 500 |
|
|
|a Imprint varies.
|
| 506 |
|
|
|a License restrictions may limit access.
|
| 525 |
|
|
|a Some volumes accompanied by suppls. or special issues with distinctive titles.
|
| 538 |
|
|
|a Mode of access: World Wide Web.
|
| 588 |
0 |
|
|a Vol. 7, no. 1 (Feb. 1, 1995); title from contents screen (MetaPress, viewed Aug. 15, 2006).
|
| 588 |
1 |
|
|a Vol. 29, issue 5 (2017), (Taylor & Francis viewed Apr. 5, 2017).
|
| 650 |
|
0 |
|a AIDS (Disease)
|x Social aspects
|v Periodicals.
|
| 650 |
|
0 |
|a AIDS (Disease)
|x Psychological aspects
|v Periodicals.
|
| 650 |
|
0 |
|a AIDS (Disease)
|x Patients
|x Care
|v Periodicals.
|
| 650 |
|
2 |
|a Acquired Immunodeficiency Syndrome.
|
| 650 |
|
6 |
|a Sida
|x Aspect social
|v Périodiques.
|
| 650 |
|
6 |
|a Sida
|x Aspect psychologique
|v Périodiques.
|
| 650 |
|
6 |
|a Sidéens
|x Soins
|v Périodiques.
|
| 650 |
|
7 |
|a AIDS (Disease)
|x Patients
|x Care.
|2 fast
|0 (OCoLC)fst00793866
|
| 650 |
|
7 |
|a AIDS (Disease)
|x Psychological aspects.
|2 fast
|0 (OCoLC)fst00793931
|
| 650 |
|
7 |
|a AIDS (Disease)
|x Social aspects.
|2 fast
|0 (OCoLC)fst00793952
|
| 655 |
|
0 |
|a Electronic journals.
|
| 776 |
0 |
8 |
|i Print version:
|t AIDS care
|x 0954-0121
|w (DLC) 96640174
|w (OCoLC)19937310
|
| 850 |
|
|
|a DLC
|
| 856 |
4 |
0 |
|z Full text available from Research Library: 10/01/1996 to 10/31/2000
|u https://search.proquest.com/publication/32745
|